[Event "Coupe de la Federation"]
[Site "?"]
[Date "2002.10.27"]
[Round "1"]
[White "Djouder, Larbi"]
[Black "Bourgin, Alain"]
[Result "1-0"]
[WhiteElo "1680"]
[BlackElo "1499"]
[PlyCount "57"]

1. e4 Nf6 2. e5 Ng4 3. d4 e6 4. Qxg4 d6 5. Nf3 Nd7 6. Bd3 c5 7. c3 a6 8. Bg5
Qb6 9. O-O Qxb2 10. Nbd2 f6 11. exf6 h6 12. Qxe6+ Kd8 13. fxg7+ Kc7 14. gxh8=Q
hxg5 15. dxc5 Qa3 16. Ne4 Qxc5 17. Qh7 Qb5 18. Nxd6 Qxd3 19. Qxd3 Nc5 20. Ne8+
Kb8 21. Qe5+ Ka7 22. Qdd4 Bg4 23. Rab1 Rb8 24. Qxb8+ Kxb8 25. Qd8+ Ka7 26. Nc7
b6 27. Nxa6 Ne6 28. Qxb6+ Ka8 29. Qb8# 1-0

[Event "Coupe de la Federation"]
[Site "?"]
[Date "2002.10.27"]
[Round "1"]
[White "Royet, Damien"]
[Black "Treveys, Maxime"]
[Result "0-1"]
[WhiteElo "1499"]
[BlackElo "1680"]
[PlyCount "152"]

1. e4 c5 2. c4 d6 3. d3 Nc6 4. Nc3 e6 5. Nf3 Be7 6. g3 Nf6 7. Bh3 O-O 8. O-O a6
9. Be3 Bd7 10. Qd2 Qc7 11. d4 cxd4 12. Nxd4 Ne5 13. b3 Rac8 14. Qd1 b5 15. Rc1
b4 16. Nb1 Nxe4 17. Bg2 Nc5 18. Nd2 Rfd8 19. Ne4 Nxe4 20. Bxe4 Nc6 21. Qh5 f5
22. Bg2 Be8 23. Qh3 Nxd4 24. Bxd4 e5 25. Bb2 g6 26. Bd5+ Kg7 27. f4 Bf6 28.
Rfe1 e4 29. Bxf6+ Kxf6 30. Qh4+ Kg7 31. Qh3 Bf7 32. Qf1 Qc5+ 33. Kh1 a5 34. Qe2
Bxd5 35. cxd5 Qxd5 36. Rxc8 Rxc8 37. Qa6 Qc5 38. Qe2 d5 39. Qb2+ d4 40. Kg1 Qc3
41. Qf2 Qc5 42. Qb2 Kf7 43. Qf2 d3 44. Kf1 Qxf2+ 45. Kxf2 Rc2+ 46. Ke3 Rxh2 47.
Rg1 h5 48. Re1 Ke6 49. Kd4 Re2 50. Rd1 Rg2 51. g4 hxg4 52. Ke3 Re2+ 53. Kd4 g3
54. Rh1 g2 55. Rd1 Rf2 56. Rg1 Rxf4 57. Rxg2 Rg4 58. Rd2 Rg1 59. Ke3 Re1+ 60.
Kd4 Re2 61. Rd1 g5 62. Rh1 g4 63. Rh6+ Ke7 64. Ke5 d2 65. Rh7+ Kd8 66. Rh8+ Kc7
67. Rh7+ Kc6 68. Rh6+ Kc7 69. Rh7+ Kd8 70. Rh8+ Kc7 71. Rh7+ Kb6 72. Rh6+ Kc5
73. Rd6 g3 74. Rd5+ Kc6 75. Rd6+ Kc7 76. Ke6 g2 0-1

[Event "Coupe de la Federation"]
[Site "?"]
[Date "2002.10.27"]
[Round "1"]
[White "Carteron, Olivier"]
[Black "Konieczny, Johan"]
[Result "1/2-1/2"]
[WhiteElo "1600"]
[BlackElo "1099"]
[PlyCount "116"]

1. e4 e5 2. Nf3 Nc6 3. Bb5 a6 4. Ba4 Nf6 5. O-O Be7 6. Re1 b5 7. Bb3 O-O 8. d4
d6 9. c3 Bb7 10. Bc2 Qd7 11. dxe5 Nxe5 12. Nxe5 dxe5 13. Qxd7 Nxd7 14. Be3 Nf6
15. f3 Rad8 16. Nd2 Rfe8 17. Nb3 Bf8 18. Bg5 Be7 19. Rad1 h6 20. Be3 Bf8 21.
Bc5 Bxc5+ 22. Nxc5 Bc8 23. Rxd8 Rxd8 24. Rd1 Rxd1+ 25. Bxd1 Nd7 26. Nd3 Nf6 27.
Bb3 Nd7 28. Bd5 Kf8 29. Bc6 f6 30. Nb4 Ke7 31. Bd5 Nb6 32. Bb3 c5 33. Nd5+ Nxd5
34. Bxd5 Kd6 35. c4 Bd7 36. b3 Be6 37. Kf2 g6 38. Ke3 b4 39. f4 Bd7 40. fxe5+
fxe5 41. h3 g5 42. Bf7 a5 43. Bh5 Ke7 44. Kf3 Kf6 45. Bg4 Bc6 46. Bf5 Be8 47.
Kg4 Bf7 48. h4 Be8 49. hxg5+ hxg5 50. Bc8 Bf7 51. Kf3 Bg6 52. Ke3 Bf7 53. Kd3
Bg6 54. Bb7 Bf7 55. Kc2 Bg6 56. Kd3 Kg7 57. Bc8 Kf6 58. Ke3 Bh5 1/2-1/2

[Event "Coupe de la Federation"]
[Site "?"]
[Date "2002.10.27"]
[Round "1"]
[White "Borron, Herve"]
[Black "Pareux, Marc"]
[Result "0-1"]
[WhiteElo "1199"]
[BlackElo "1520"]
[PlyCount "170"]

1. e4 g6 2. Nf3 Bg7 3. Bc4 d6 4. Nc3 e6 5. O-O Nd7 6. d4 Nb6 7. Bb5+ Bd7 8.
Bxd7+ Qxd7 9. Be3 Nc4 10. Bc1 Ne7 11. b3 Na5 12. a4 O-O 13. Ba3 b6 14. e5 d5
15. Nb5 a6 16. Nd6 cxd6 17. exd6 Nf5 18. Ne5 Bxe5 19. dxe5 Nb7 20. Qd2 Nd8 21.
Qg5 Nc6 22. Rfe1 Rac8 23. Rac1 Ncd4 24. c3 Nxb3 25. Rc2 Nbd4 26. Rd2 Nc6 27. h3
Na5 28. Rd3 Nc4 29. Bc1 Qd8 30. d7 Rc7 31. Qf6 Qxf6 32. exf6 Rxd7 33. Bf4 Rc8
34. g4 Nfd6 35. h4 Nb2 36. Rh3 Nxa4 37. h5 Rxc3 38. hxg6 Rxh3 39. Kg2 fxg6 40.
Kxh3 Kf7 41. Be5 Nc4 42. Bd4 Nc5 43. Kh4 Ne4 44. f3 Nxf6 45. Kg5 Ng8 46. Rh1
Ke8 47. f4 b5 48. f5 exf5 49. gxf5 Rf7 50. f6 Nd6 51. Re1+ Ne4+ 52. Kf4 Kd7 53.
Rh1 Ngxf6 54. Bxf6 Nxf6 55. Ke5 Ke7 56. Ra1 Nd7+ 57. Kxd5 Rf6 58. Rh1 h5 59.
Ke4 b4 60. Kd3 b3 61. Kc3 Nc5 62. Kc4 Kd6 63. Kc3 Kc6 64. Kc4 a5 65. Kc3 a4 66.
Kb4 Rf4+ 67. Ka3 Kb5 68. Rg1 Rf6 69. Rg5 h4 70. Rg2 Rb6 71. Rh2 g5 72. Rh1 Nd3
73. Rh2 Ka5 74. Rh3 b2 75. Rxd3 Rb3+ 76. Rxb3 axb3 77. Kxb2 Kb4 78. Ka1 h3 79.
Kb2 h2 80. Kc1 h1=Q+ 81. Kd2 Qd5+ 82. Ke3 b2 83. Kf2 b1=Q 84. Kg3 Qg1+ 85. Kh3
Qgg2# 0-1

[Event "Coupe de la Federation"]
[Site "?"]
[Date "2002.10.27"]
[Round "1"]
[White "Adamus, Jeremy"]
[Black "Vier, Serge"]
[Result "1-0"]
[WhiteElo "1199"]
[BlackElo "1690"]
[PlyCount "101"]

1. d4 d5 2. c4 e6 3. Nf3 Nf6 4. Bg5 Nbd7 5. Nc3 c6 6. e3 Qa5 7. Nd2 h6 8. Bh4
Be7 9. Nb3 Qd8 10. Be2 O-O 11. O-O dxc4 12. Bxc4 b5 13. Bd3 Bb7 14. Ne4 Nxe4
15. Bxe7 Qxe7 16. Bxe4 Nf6 17. Bf3 Rac8 18. Nc5 Rfd8 19. Qb3 a5 20. Rfd1 a4 21.
Qc2 Ba8 22. Rd3 Nd7 23. Rad1 Nxc5 24. Qxc5 Qxc5 25. dxc5 Rxd3 26. Rxd3 Kf8 27.
b3 axb3 28. axb3 Ke7 29. g4 Rc7 30. Rd6 f6 31. Be4 Bb7 32. b4 e5 33. f4 exf4
34. exf4 Ba8 35. Kf2 Bb7 36. Kg3 Kf7 37. h4 Ke7 38. g5 hxg5 39. fxg5 fxg5 40.
hxg5 Kf7 41. Kf4 Kf8 42. g6 Ke7 43. Ke5 Kf8 44. Re6 Re7 45. Kd6 Rxe6+ 46. Kxe6
Ke8 47. Kd6 Kd8 48. Bxc6 Bxc6 49. Kxc6 Ke7 50. Kxb5 Kf6 51. c6 1-0

[Event "Coupe de la Federation"]
[Site "?"]
[Date "2002.10.27"]
[Round "1"]
[White "Pupier, Terry"]
[Black "Bournez, Gerard"]
[Result "1-0"]
[WhiteElo "1440"]
[BlackElo "1620"]
[PlyCount "101"]

1. e4 c5 2. Nf3 Nc6 3. d4 cxd4 4. Nxd4 e5 5. Nb5 Nf6 6. N1c3 d6 7. Bg5 a6 8.
Na3 Be7 9. Bxf6 Bxf6 10. Nd5 O-O 11. c4 Nd4 12. Nc2 Qa5+ 13. b4 Nxc2+ 14. Qxc2
Qd8 15. Be2 Be6 16. O-O Bxd5 17. cxd5 Rc8 18. Qb3 Bg5 19. Bg4 Rc7 20. Kh1 g6
21. g3 b5 22. f4 exf4 23. gxf4 Bf6 24. Rac1 Rxc1 25. Rxc1 Qb6 26. Rc6 Qf2 27.
Qf3 Qxf3+ 28. Bxf3 Rd8 29. Rxa6 Bc3 30. a3 Bb2 31. Ra5 Kf8 32. Be2 Rc8 33. Bxb5
Rc1+ 34. Kg2 Rc3 35. Ra8+ Kg7 36. a4 Rb3 37. a5 Rxb4 38. Bd3 Bd4 39. e5 dxe5
40. d6 exf4 41. d7 Bf6 42. d8=Q Bxd8 43. Rxd8 Ra4 44. a6 h5 45. Rd7 g5 46. a7
g4 47. Be4 Rxe4 48. a8=Q Re2+ 49. Kg1 f3 50. Qd5 f2+ 51. Kf1 1-0

[Event "Coupe de la Federation"]
[Site "?"]
[Date "2002.10.27"]
[Round "1"]
[White "Soler, Gerald"]
[Black "Dequidt, Adrien"]
[Result "0-1"]
[WhiteElo "1150"]
[BlackElo "1680"]
[PlyCount "60"]

1. e4 e5 2. Nf3 d6 3. Bc4 Nd7 4. d4 c6 5. d5 c5 6. O-O Ne7 7. Bb5 a6 8. Bxd7+
Bxd7 9. c4 g6 10. Nfd2 Bg7 11. Nc3 O-O 12. b3 f5 13. f3 Bh6 14. Qe2 Qa5 15. Bb2
b5 16. Ncb1 Rfb8 17. Bc3 Qb6 18. a4 Nc8 19. Qf2 Qd8 20. Kh1 bxa4 21. bxa4 Rb7
22. a5 Rab8 23. Qe2 Bf4 24. Qf2 Qg5 25. Kg1 Be3 26. Qxe3 Qxe3+ 27. Kh1 Qe2 28.
Kg1 Ne7 29. Rf2 Qd3 30. Rf1 g5 0-1

[Event "Coupe de la Federation"]
[Site "?"]
[Date "2002.10.27"]
[Round "1"]
[White "Samuel, Christian"]
[Black "Montroussier, Jacques"]
[Result "1-0"]
[WhiteElo "1499"]
[BlackElo "1499"]
[PlyCount "102"]

1. Nf3 e6 2. g3 d5 3. Bg2 c5 4. O-O Nc6 5. d4 Nf6 6. c3 Qb6 7. e3 Be7 8. dxc5
Bxc5 9. Nbd2 O-O 10. Nd4 Bd7 11. N2f3 Rac8 12. a4 Rfe8 13. Nxc6 bxc6 14. b4 Be7
15. Ne5 h6 16. e4 Bd6 17. Bf4 Bxe5 18. Bxe5 Nh7 19. Qg4 f6 20. Bd4 Qb7 21. Bh3
Ng5 22. Bxf6 Nxh3+ 23. Qxh3 gxf6 24. Qxh6 Rf8 25. Rfe1 Rf7 26. Re3 Rcf8 27.
Rae1 Rh7 28. Qg6+ Kh8 29. exd5 Be8 30. Qc2 cxd5 31. Rxe6 Bc6 32. b5 Bd7 33. Re7
Rff7 34. R7e3 Rfg7 35. f4 Rh6 36. Qf2 Bf5 37. Re8+ Kh7 38. Qd4 Be4 39. c4 Qb6
40. Qxb6 axb6 41. Rb8 Rd7 42. cxd5 Bxd5 43. Rxb6 Bf3 44. a5 Rg6 45. Kf2 Bg4 46.
a6 Rg8 47. Rxf6 Rc8 48. b6 Rc3 49. b7 Rd2+ 50. Kg1 Rcc2 51. Re7+ Kg8 1-0

[Event "Coupe de la Federation"]
[Site "?"]
[Date "2002.10.27"]
[Round "1"]
[White "Valet, Godeffroy"]
[Black "Arnaud, Jean-Laurent"]
[Result "1-0"]
[WhiteElo "1610"]
[BlackElo "1499"]
[PlyCount "57"]

1. e4 e5 2. f4 exf4 3. Nf3 Be7 4. Bc4 d5 5. Bxd5 c6 6. Bc4 Nf6 7. d3 O-O 8.
Bxf4 Bg4 9. Nbd2 Re8 10. Bxf7+ Kxf7 11. Ne5+ Kg8 12. Nxg4 Nd5 13. Bg3 Bg5 14.
Nc4 Bf4 15. Bxf4 Nxf4 16. Qd2 Qh4+ 17. g3 Qxg4 18. Qxf4 Qh5 19. O-O Nd7 20. Qf5
Qe2 21. Rf2 Rf8 22. Qe6+ Kh8 23. Rxe2 Nc5 24. Qd6 b5 25. Ne5 Nb7 26. Qe6 Nc5
27. Nf7+ Kg8 28. Nh6+ Kh8 29. Qg8+ 1-0

[Event "Coupe de la Federation"]
[Site "?"]
[Date "2002.10.27"]
[Round "1"]
[White "Bion, Nicolas"]
[Black "Valet, Bruno"]
[Result "0-1"]
[WhiteElo "1499"]
[BlackElo "1600"]
[PlyCount "66"]

1. d4 d5 2. Nf3 Nc6 3. Bf4 Bg4 4. e3 e6 5. a3 Bd6 6. Bxd6 Qxd6 7. Bd3 Nf6 8. h3
Bh5 9. Nc3 O-O 10. g4 Bg6 11. Nb5 Qe7 12. Bxg6 fxg6 13. Qe2 Ne4 14. O-O Qf7 15.
Ne5 Nxe5 16. dxe5 a6 17. Nc3 Nxc3 18. bxc3 Qe7 19. f4 Rf7 20. g5 Raf8 21. Qh2
Qc5 22. Qe2 Rxf4 23. Rxf4 Rxf4 24. c4 Rxc4 25. Rf1 Rxc2 26. Qf3 Qe7 27. Rf2
Rxf2 28. Kxf2 c5 29. Kg3 c4 30. h4 c3 31. Kg4 c2 32. h5 Qxa3 33. hxg6 hxg6 0-1

[Event "Coupe de la Federation"]
[Site "?"]
[Date "2002.10.27"]
[Round "1"]
[White "Valour, Brice"]
[Black "Barnes, Pierrick"]
[Result "0-1"]
[WhiteElo "1550"]
[BlackElo "1299"]
[PlyCount "104"]

1. e4 e5 2. d4 Nc6 3. Nf3 d6 4. dxe5 dxe5 5. Qxd8+ Nxd8 6. Nxe5 f6 7. Nf3 Nc6
8. Bb5 Bg4 9. Bxc6+ bxc6 10. Nbd2 Bd6 11. O-O Ne7 12. Nd4 c5 13. Nb5 O-O 14.
Nc4 Be2 15. Ncxd6 Bxf1 16. Nxc7 Rab8 17. Kxf1 Rfd8 18. Bf4 Rxb2 19. c4 Nc6 20.
Nd5 Ne5 21. Bxe5 fxe5 22. Nf5 Rc2 23. Rd1 Rb8 24. Nde7+ Kf7 25. Nc6 Rbb2 26.
Rd7+ Ke6 27. Rd6+ Kf7 28. Nxe5+ Ke8 29. Re6+ Kd8 30. Nf7+ Kc7 31. Re7+ Kb6 32.
Re6+ Ka5 33. g3 Rxf2+ 34. Ke1 g6 35. N5d6 Rxh2 36. Nb7+ Rxb7 37. Rd6 Rxf7 38.
a3 Ka4 39. e5 Kxa3 40. e6 Re7 41. Ra6+ Kb4 42. Rc6 Kxc4 43. Kf1 Kd5 44. Ra6 c4
45. Ra5+ Kxe6 46. Ra4 Kd5 47. Ra5+ Kd4 48. Ra4 Kd3 49. Ra3+ c3 50. Ra1 Kd2 51.
Ra2+ c2 52. Kg1 Ree2 0-1

[Event "Coupe de la Federation"]
[Site "?"]
[Date "2002.10.27"]
[Round "1"]
[White "Doran, Niall"]
[Black "Mialon, Franck"]
[Result "1-0"]
[WhiteElo "1160"]
[BlackElo "1330"]
[PlyCount "65"]

1. e4 e5 2. Nf3 Nc6 3. Bc4 Nd4 4. d3 d6 5. c3 Ne6 6. O-O Qe7 7. d4 exd4 8. cxd4
Bd7 9. Nc3 a6 10. Nd5 Qd8 11. e5 dxe5 12. Nxe5 Bd6 13. f4 Qh4 14. Nxd7 Kxd7 15.
Qa4+ b5 16. Bxb5+ axb5 17. Qxa8 g5 18. g3 Qh3 19. fxg5 Nxd4 20. Rxf7+ Ke6 21.
Rf2 Kd7 22. Be3 Nf5 23. Nf6+ Nxf6 24. Qxh8 Ke6 25. Qxf6+ Kd7 26. Qxf5+ Qxf5 27.
Rxf5 Ke6 28. Raf1 c5 29. Bxc5 Bxc5+ 30. Rxc5 Kd6 31. Rxb5 Kc6 32. a4 h5 33.
gxh6 1-0

[Event "Coupe de la Federation"]
[Site "?"]
[Date "2002.10.27"]
[Round "1"]
[White "Megnot, Philippe"]
[Black "Minchili, Franco"]
[Result "0-1"]
[WhiteElo "1130"]
[BlackElo "1499"]
[PlyCount "114"]

1. e4 c6 2. Nf3 d5 3. e5 e6 4. Nc3 g6 5. d4 Be7 6. Bd3 Nd7 7. O-O b6 8. Re1 c5
9. Nb5 Nb8 10. c3 a6 11. Na3 c4 12. Bc2 Bd7 13. Bf4 b5 14. Bb1 Qa5 15. Nc2 Bf8
16. Bg5 Ne7 17. Bf6 Rg8 18. Ng5 h6 19. Nh7 Bg7 20. Bxg7 Rxg7 21. Nf6+ Kd8 22.
Re3 Nf5 23. Rf3 Be8 24. Ne3 Nd7 25. Nfg4 h5 26. Nxf5 gxf5 27. Nf6 Nxf6 28. exf6
Rg6 29. Qe2 Rxf6 30. Qe5 Rg6 31. Rh3 Qb6 32. Rxh5 Ke7 33. Rh8 f6 34. Qe3 Qc6
35. Bxf5 Rg5 36. Bh3 Bf7 37. Rh7 Rag8 38. Re1 f5 39. g3 R8g7 40. Rh6 R5g6 41.
Rh4 Qd6 42. Bxf5 Rf6 43. Bh3 a5 44. Rh5 Bxh5 45. Bg2 Kd7 46. Qd2 b4 47. cxb4
axb4 48. b3 c3 49. Qd3 Qc6 50. Re5 Bg6 51. Qf1 c2 52. Qc1 Qc3 53. Re3 Qxd4 54.
Re1 Rxf2 55. Kh1 Rgf7 56. Bh3 Be4+ 57. Kg1 Rf1# 0-1

[Event "Coupe de la Federation"]
[Site "?"]
[Date "2002.10.27"]
[Round "1"]
[White "Dziri, Pierre"]
[Black "Cherblanc, Maxime"]
[Result "1-0"]
[WhiteElo "1499"]
[BlackElo "1430"]
[PlyCount "129"]

1. Nf3 d5 2. d4 Nf6 3. c4 dxc4 4. Nc3 g6 5. e4 Bg7 6. Bxc4 O-O 7. O-O Bg4 8.
Be2 Bxf3 9. Bxf3 Nc6 10. Be3 Nb4 11. a3 Nc6 12. e5 Ne8 13. Bd5 Nxe5 14. dxe5
Bxe5 15. Bh6 Ng7 16. Rb1 c5 17. f4 Bxc3 18. bxc3 e6 19. Bxb7 Qxd1 20. Rfxd1
Rab8 21. Bf3 Rxb1 22. Rxb1 a5 23. Rb5 Re8 24. Rxa5 Nf5 25. Bg5 Rb8 26. Bf6 Rb1+
27. Kf2 Rb2+ 28. Be2 Rb8 29. Rxc5 Nd6 30. Bf3 Rb2+ 31. Ke3 Rb8 32. Be5 Rd8 33.
Bxd6 Rxd6 34. a4 h5 35. a5 g5 36. Bb7 gxf4+ 37. Kxf4 Rd1 38. Rxh5 Rf1+ 39. Kg3
Ra1 40. a6 Kg7 41. c4 Ra3+ 42. Kf2 Ra2+ 43. Ke3 Ra3+ 44. Kd4 e5+ 45. Rxe5 f6
46. Re7+ Kf8 47. Re3 Ra4 48. Kc5 f5 49. Kb5 Ra2 50. Kc6 Kf7 51. Kc7 Kg6 52. Kb8
Kg5 53. a7 Rxa7 54. Kxa7 f4 55. Rd3 Kg4 56. h3+ Kh4 57. c5 Kg5 58. c6 f3 59.
Rxf3 Kg6 60. c7 Kg5 61. c8=Q Kg6 62. Qf5+ Kg7 63. Rg3+ Kh6 64. Qf6+ Kh7 65.
Qh4# 1-0

[Event "Coupe de la Federation"]
[Site "?"]
[Date "2002.10.27"]
[Round "1"]
[White "Carrot, Axel"]
[Black "Bourgin, Christian"]
[Result "0-1"]
[WhiteElo "1300"]
[BlackElo "1480"]
[PlyCount "98"]

1. d4 Nf6 2. Nf3 g6 3. Bf4 e6 4. Bg5 Be7 5. Bxf6 Bxf6 6. e4 d6 7. Bd3 Nc6 8.
Nc3 Nxd4 9. Nxd4 Bxd4 10. Bb5+ c6 11. Qxd4 cxb5 12. Qxh8+ Ke7 13. Qxd8+ Kxd8
14. Nxb5 Kd7 15. O-O-O Kc6 16. Nxd6 Bd7 17. Nxf7 Kc7 18. Rd2 Bc6 19. f3 Kb6 20.
Nd8 Rc8 21. Nxc6 Rxc6 22. Rhd1 Rc4 23. Rd6+ Kb5 24. Rxe6 b6 25. Rd5+ Ka6 26. b3
Rc7 27. Rd4 Kb7 28. g4 Rf7 29. Rd3 Ka6 30. a4 Ka5 31. Rd5+ Kb4 32. Rb5+ Ka3 33.
Rd5 Rxf3 34. Rd3 Rf1+ 35. Rd1 Rf2 36. Rd2 Rf1+ 37. Rd1 Rf2 38. Re7 Rxh2 39.
Rxa7 Rh4 40. Ra6 Rxg4 41. Rxb6 h5 42. Rxg6 Rxg6 43. c3 Kxb3 44. Re1 h4 45. e5
h3 46. e6 h2 47. e7 Rg8 48. Rh1 Kxc3 49. Rxh2 Rg1# 0-1

[Event "Coupe de la Federation"]
[Site "?"]
[Date "2002.10.27"]
[Round "1"]
[White "Pinte, Damien"]
[Black "Paratcha, Yohan"]
[Result "1-0"]
[WhiteElo "1450"]
[BlackElo "1199"]
[PlyCount "55"]

1. d4 d5 2. c4 f6 3. cxd5 Qxd5 4. Nc3 Qd8 5. Nf3 g6 6. e4 b6 7. Bf4 Bb7 8. Bd3
Nc6 9. O-O Nb4 10. Qa4+ Kf7 11. Qxb4 f5 12. Ng5+ Kg7 13. Ne6+ Kf7 14. Nxd8+
Rxd8 15. Bg5 Nf6 16. exf5 e6 17. fxe6+ Kxe6 18. Rfe1+ Kf7 19. Qc4+ Kg7 20.
Bxf6+ Kxf6 21. Qe6+ Kg7 22. Qe5+ Kg8 23. Bc4+ Bd5 24. Bxd5+ Rxd5 25. Nxd5 h5
26. Qf6 Bg7 27. Ne7+ Kh7 28. Qxg6# 1-0

[Event "Coupe de la Federation"]
[Site "?"]
[Date "2002.10.27"]
[Round "1"]
[White "Gidon, Rene"]
[Black "Bastien, Daniel"]
[Result "0-1"]
[WhiteElo "1560"]
[BlackElo "1690"]
[PlyCount "84"]

1. e4 g6 2. d4 Bg7 3. Nf3 d6 4. c3 Nc6 5. Bc4 Na5 6. Qa4+ c6 7. Bxf7+ Kxf7 8.
Ng5+ Ke8 9. b4 Nc4 10. Qb3 d5 11. e5 Bf5 12. Qd1 Nh6 13. O-O Nf7 14. h4 Qd7 15.
Re1 Nxg5 16. hxg5 Bxb1 17. Rxb1 Qf5 18. Ra1 h5 19. a4 Rf8 20. Ra2 Kf7 21. f4 e6
22. b5 cxb5 23. axb5 a6 24. b6 a5 25. Ba3 Rfc8 26. Bc5 Rc6 27. Qb3 Kg8 28. Rf2
Bf8 29. Qa4 Bxc5 30. dxc5 Qf8 31. Qc2 Qf5 32. Qa4 Rac8 33. g3 Rxc5 34. Kh2 R8c6
35. Qd1 Rxb6 36. Qd4 Rcb5 37. Rg2 Rb2 38. Rxb2 Rxb2+ 39. Kg1 Qh3 40. Qf2 Rxf2
41. Kxf2 Qh2+ 42. Kf3 Qd2 0-1

[Event "Coupe de la Federation"]
[Site "?"]
[Date "2002.10.27"]
[Round "1"]
[White "Vinot, Raoul"]
[Black "Mathieu, Jacques"]
[Result "0-1"]
[WhiteElo "1380"]
[BlackElo "1499"]
[PlyCount "70"]

1. d4 Nf6 2. c4 d5 3. Nc3 e6 4. Bg5 Be7 5. Nf3 O-O 6. e3 a6 7. Bd3 dxc4 8. Bxc4
b5 9. Bd3 h6 10. Bh4 Bb7 11. O-O Nd5 12. Bxe7 Qxe7 13. Re1 c5 14. e4 Nxc3 15.
bxc3 c4 16. Bc2 Nd7 17. d5 Qd6 18. dxe6 Qxe6 19. Nd4 Qe7 20. Nf5 Qe6 21. Qg4
Qf6 22. Nxh6+ Qxh6 23. Qxd7 Rab8 24. Rad1 Qg5 25. Qh3 g6 26. Qe3 Qe5 27. f4 Qe7
28. Qg3 Qc5+ 29. Kf1 Qh5 30. Re3 Rbd8 31. Rd4 Rxd4 32. cxd4 b4 33. f5 Kg7 34.
e5 Qh6 35. f6+ Kg8 0-1

[Event "Coupe de la Federation"]
[Site "?"]
[Date "2002.10.27"]
[Round "1"]
[White "Langlade, Remi"]
[Black "Bruyas, Benjamin"]
[Result "1/2-1/2"]
[WhiteElo "1499"]
[BlackElo "1210"]
[PlyCount "146"]

1. e4 e5 2. Bc4 Nf6 3. d3 Bc5 4. Nf3 Nc6 5. Ng5 O-O 6. Qf3 Nd4 7. Qd1 c6 8. c3
Ne6 9. O-O d5 10. exd5 cxd5 11. Bb3 Re8 12. Nf3 Nc7 13. Qe2 Bg4 14. Bg5 h6 15.
Bxf6 Qxf6 16. h3 Bxf3 17. Qxf3 Qxf3 18. gxf3 Rad8 19. Re1 Nb5 20. Ba4 a6 21. c4
dxc4 22. dxc4 Bb4 23. Rc1 Rc8 24. a3 Ba5 25. b3 Red8 26. Rf1 Nd4 27. b4 Bb6 28.
Nc3 Nxf3+ 29. Kg2 Nd2 30. Rfd1 Nxc4 31. Bd7 Nb2 32. Bxc8 Nxd1 33. Nxd1 Rxc8 34.
Ne3 Bxe3 35. fxe3 Rc3 36. e4 g6 37. a4 Kg7 38. b5 a5 39. Rd1 Rc4 40. Rd7 Rxa4
41. b6 Rb4 42. Rxb7 a4 43. Rb8 a3 44. b7 a2 45. Ra8 Rxb7 46. Rxa2 Rb4 47. Kf3
Rb3+ 48. Kg2 Re3 49. Ra4 g5 50. Kf2 Rxh3 51. Ra1 g4 52. Rg1 h5 53. Rg3 Rxg3 54.
Kxg3 Kg6 55. Kh4 f5 56. exf5+ Kxf5 57. Kxh5 e4 58. Kh4 e3 59. Kg3 Ke4 60. Kg2
e2 61. Kf2 Kd3 62. Ke1 Ke4 63. Kxe2 Kf4 64. Kf2 g3+ 65. Kg2 Kg4 66. Kg1 Kh3 67.
Kh1 Kg4 68. Kg2 Kh4 69. Kg1 Kg4 70. Kg2 Kf4 71. Kg1 Kf3 72. Kf1 g2+ 73. Kg1 Kg3
1/2-1/2

[Event "Coupe de la Federation"]
[Site "?"]
[Date "2002.10.27"]
[Round "1"]
[White "Farge, Damien"]
[Black "Coste, Sebastien"]
[Result "1-0"]
[WhiteElo "1090"]
[BlackElo "1299"]
[PlyCount "55"]

1. e4 c5 2. Nc3 Nc6 3. f4 e5 4. d3 exf4 5. Bxf4 g6 6. Nf3 Bg7 7. Be3 d6 8. h3
Nf6 9. d4 cxd4 10. Nxd4 Nxd4 11. Qxd4 O-O 12. O-O-O Ne8 13. Qb4 Be6 14. Bc4
Bxc4 15. Qxc4 Rc8 16. Qb4 a5 17. Qxb7 Rc7 18. Qb6 Bxc3 19. bxc3 Rxc3 20. Qxd8
Rxe3 21. Qe7 Nf6 22. Qxf6 Rxe4 23. Rxd6 Re2 24. Rf1 Rxg2 25. Rd7 h5 26. Rxf7
Rxf7 27. Qxf7+ Kh8 28. Re1 1-0

[Event "Coupe de la Federation"]
[Site "?"]
[Date "2002.10.27"]
[Round "2"]
[White "Bastien, Daniel"]
[Black "Djouder, Larbi"]
[Result "1/2-1/2"]
[WhiteElo "1690"]
[BlackElo "1680"]
[PlyCount "80"]

1. c4 Nf6 2. Nc3 c5 3. Nf3 Nc6 4. g3 b6 5. Bg2 Bb7 6. O-O g6 7. d3 Bg7 8. Bd2
O-O 9. Qc1 Re8 10. a4 e5 11. e4 d6 12. Bg5 Qd7 13. Bxf6 Bxf6 14. Rb1 Nd4 15.
Nxd4 exd4 16. Na2 Bg7 17. b4 Rab8 18. b5 Re7 19. Qd2 Rbe8 20. Rfe1 f5 21. exf5
Rxe1+ 22. Rxe1 Rxe1+ 23. Qxe1 Bxg2 24. Kxg2 Qxf5 25. Qe2 Qe5 26. Nc1 Bh6 27. f4
Qxe2+ 28. Nxe2 Kf7 29. Kf3 Bg7 30. g4 Ke6 31. Ke4 h6 32. h3 Bf6 33. f5+ gxf5+
34. gxf5+ Kf7 35. Ng3 Be5 36. Nh5 Bh2 37. Kd5 Be5 38. Kc6 Ke7 39. h4 Bh8 40.
Kd5 Be5 1/2-1/2

[Event "Coupe de la Federation"]
[Site "?"]
[Date "2002.10.27"]
[Round "2"]
[White "Treveys, Maxime"]
[Black "Vinot, Raoul"]
[Result "0-1"]
[WhiteElo "1680"]
[BlackElo "1380"]
[PlyCount "53"]

1. d4 d5 2. c4 Nf6 3. cxd5 Qxd5 4. Nc3 Qa5 5. Bd2 c6 6. e3 Nbd7 7. Bd3 g6 8.
Nge2 Bg7 9. O-O O-O 10. Qc2 e5 11. a3 Re8 12. Bc4 Qc7 13. Rad1 Nb6 14. Ba2 Be6
15. Bxe6 Rxe6 16. dxe5 Qxe5 17. Nf4 Rd6 18. Nce2 Rad8 19. Bc3 Qe7 20. Bb4 c5
21. Qxc5 Bf8 22. Qc3 Ne4 23. Qb3 Qf6 24. Bxd6 Bxd6 25. Nd5 Qe6 26. Nef4 Bxf4
27. exf4 0-1

[Event "Coupe de la Federation"]
[Site "?"]
[Date "2002.10.27"]
[Round "2"]
[White "Bruyas, Benjamin"]
[Black "Carteron, Olivier"]
[Result "1-0"]
[WhiteElo "1210"]
[BlackElo "1600"]
[PlyCount "81"]

1. Nf3 Nf6 2. c4 c6 3. b3 e6 4. Bb2 d5 5. g3 Qb6 6. d3 Bb4+ 7. Nbd2 O-O 8. Bh3
Nbd7 9. O-O Bd6 10. e3 Re8 11. Rb1 Qc7 12. Kg2 e5 13. e4 d4 14. a3 Nc5 15. Qe2
Bxh3+ 16. Kxh3 a5 17. Kg2 Qb6 18. Bc1 Na4 19. bxa4 Qc7 20. Nb3 Nd7 21. Qd2 Be7
22. Qe2 Nb6 23. Bd2 Nxa4 24. Qe1 b6 25. Qd1 b5 26. cxb5 cxb5 27. Qc1 Qxc1 28.
Rfxc1 Bxa3 29. Rc7 Bd6 30. Rc6 Bb4 31. Rc7 Bxd2 32. Nbxd2 b4 33. Ra1 Nc3 34.
Rc5 a4 35. Nxe5 b3 36. Nec4 Reb8 37. Nxb3 Rxb3 38. Na5 Rb2 39. Nc6 Rc8 40. Ne7+
Kf8 41. Nxc8 1-0

[Event "Coupe de la Federation"]
[Site "?"]
[Date "2002.10.27"]
[Round "2"]
[White "Pareux, Marc"]
[Black "Farge, Damien"]
[Result "1-0"]
[WhiteElo "1520"]
[BlackElo "1090"]
[PlyCount "53"]

1. d4 d5 2. e4 e6 3. Be3 Bd6 4. e5 Be7 5. f4 f6 6. Nf3 Nc6 7. c3 Bd7 8. Nbd2
Na5 9. Be2 a6 10. O-O Bb5 11. Bxb5+ axb5 12. b3 Ba3 13. Qc2 Ne7 14. Nb1 Nf5 15.
Bf2 b4 16. Nxa3 bxa3 17. g4 Nh6 18. h3 O-O 19. Bh4 b5 20. exf6 gxf6 21. Rae1
Ra6 22. Re5 Qd7 23. Rh5 Nf5 24. gxf5 exf5 25. Kh2 Re6 26. Rg1+ Kf7 27. Rxh7+
1-0

[Event "Coupe de la Federation"]
[Site "?"]
[Date "2002.10.27"]
[Round "2"]
[White "Vier, Serge"]
[Black "Minchili, Franco"]
[Result "1-0"]
[WhiteElo "1690"]
[BlackElo "1499"]
[PlyCount "82"]

1. d4 d5 2. c4 c6 3. Nc3 Nf6 4. Nf3 e6 5. Bg5 Be7 6. cxd5 cxd5 7. e3 O-O 8. Bd3
Ne8 9. Bxe7 Qxe7 10. Rc1 Nd6 11. Qc2 f5 12. Ne5 Qg5 13. O-O Nd7 14. Nf3 Qh6 15.
Ne2 Nf6 16. h3 Nfe4 17. Ne5 Qf6 18. f3 Ng5 19. Qc7 Ngf7 20. Nf4 g6 21. Nxf7
Nxf7 22. Qa5 Qh4 23. Qe1 Qf6 24. Rc7 Re8 25. Rf2 Re7 26. Rfc2 a5 27. Rxc8+ Re8
28. Rxe8+ Rxe8 29. Qxa5 Kg7 30. Rc7 Qh4 31. Qd2 g5 32. Bb5 Ra8 33. Nxe6+ Kf6
34. Nc5 Nd6 35. a4 Nxb5 36. axb5 Ra1+ 37. Kh2 Rf1 38. Qa5 g4 39. Qb6+ Kg5 40.
f4+ Rxf4 41. Rg7+ Kh5 1-0

[Event "Coupe de la Federation"]
[Site "?"]
[Date "2002.10.27"]
[Round "2"]
[White "Dziri, Pierre"]
[Black "Pupier, Terry"]
[Result "0-1"]
[WhiteElo "1499"]
[BlackElo "1440"]
[PlyCount "76"]

1. Nf3 d5 2. d4 Nc6 3. c4 e6 4. Nc3 Nf6 5. e3 Bb4 6. a3 Bxc3+ 7. bxc3 Ne4 8.
Bb2 O-O 9. Bd3 Nf6 10. cxd5 exd5 11. c4 Be6 12. h4 dxc4 13. Bc2 Bg4 14. Qd2
Bxf3 15. gxf3 Qd5 16. e4 Rfe8 17. Ke2 Qh5 18. Qe3 Nd5 19. Qg5 Qxg5 20. hxg5 c3
21. Bc1 Nxd4+ 22. Kd3 Nxc2 23. Kxc2 Nb6 24. Kxc3 Rad8 25. a4 Nd7 26. Bf4 Ne5
27. Rad1 Nxf3 28. Rxd8 Rxd8 29. Bxc7 Rc8 30. Rd1 Rxc7+ 31. Kb4 g6 32. Rd3 Nxg5
33. e5 Re7 34. f4 Ne6 35. Rf3 Rd7 36. f5 Nd4 37. e6 fxe6 38. fxe6 Nxe6 0-1